U.S. General Knowledge #35 - Statistics

General Stats
  • This quiz has been taken 15,809 times
  • The average score is 13 of 20
Answer Stats
Question Answer % Correct
What popular sitcom had an unpopular spin-off called "Joey"? Friends
85%
What fictional family has a gigantic, ominous butler named Lurch? The Addams Family
81%
Who (supposedly) performed an experiment in 1752 that involved flying a kite during a lightning storm to capture electricity? Ben Franklin
80%
Which Sesame Street character lives in a garbage can? Oscar the Grouch
79%
What did Massachusetts legalize in 2004, becoming the first state to do so? Same-Sex marriage
79%
What TV character used his sword to carve a Z in his opponent's clothing? Zorro
78%
What U.S. military helicopter is named after a Southwest Native American tribe? Apache
76%
Which U.S. state has the most reported Bigfoot sightings? Washington
74%
What baseball team broke a 108 year drought when it won the World Series in 2016? Chicago Cubs
70%
Where did George Washington's army spend a very cold winter in 1777–78? Valley {Forge}
69%
The Republican Party is also known as the GOP. What do the letter GOP stand for? Grand Old Party
68%
What was Ralph Emerson's middle name? Waldo
68%
Who ended many a Looney Tunes cartoon saying "Th-th-that's all folks"? Porky Pig
62%
What is a perfect score on the SAT? 1600
60%
What is the luxury division of General Motors? Cadillac
54%
What type of "monster" is the only venomous lizard found in the United States? Gila monster
53%
What race, held the first Saturday in May, has been referred to as the "greatest two minutes in sports"? Kentucky Derby
49%
What author wrote several thrillers featuring CIA analyst Jack Ryan? Tom Clancy
47%
What is the best-selling brand of candy in America? M&M's
46%
What TV game show asked "what's behind door number 3"? Let's Make a Deal
30%
No matching quizzes found
Score Distribution
Percent of People with Each Score
Percentile by Number Answered
Your Score History
You have not taken this quiz